000
00195 a2200097 4500
001
2260
100
_a
Judge, A W
245
_a
Modern gas turbines
260
_a
_b
Chapman
_c
090
_c
1639
_d
1639
942
_a
NUST-CAE
_c
M
_c
7102
999
_c
237333
_d
237333